| 000 | 01676cam a22003854a 4500 | ||
|---|---|---|---|
| 001 | 12806899 | ||
| 003 | OSt | ||
| 005 | 20140310182041.0 | ||
| 008 | 020607s2003 paua c b 001 0 eng | ||
| 010 | _a 2002009153 | ||
| 020 | _a1590840542 | ||
| 040 |
_aDLC _cDLC _dDLC |
||
| 042 |
_apcc _alcac |
||
| 043 | _ae-po--- | ||
| 050 | 0 | 0 |
_aG 420 _b.W582 2003 |
| 082 | 0 | 0 |
_aHS 910 _bW58 2003 |
| 100 | 1 |
_aWhite, David. _911186 |
|
| 245 | 1 | 4 |
_aThe first voyage around the world : _bthe story of Ferdinand Magellan's three-year journey through South America and the Pacific Ocean / _cDavid White. |
| 260 |
_aPhiladelphia : _bMason Crest Publishers, _cc2003. |
||
| 300 |
_a64 p. : _bcol. ill. ; _c25 cm. |
||
| 490 | 1 | _aExploration and discovery | |
| 500 | _aIncludes bibliographical references (p. 62). | ||
| 520 | _aDiscusses the Spanish expedition of 1519-1522, in which a crew led by Ferdinand Magellan found a westward route through the Americas and became the first to circumnavigate the world. | ||
| 600 | 1 | 0 |
_aMagalhães, Fernão de, _dd. 1521 _xTravel _vJuvenile literature. _911187 |
| 600 | 1 | 1 |
_aMagellan, Ferdinand, _dd. 1521 _911188 |
| 650 | 0 |
_aVoyages around the world _xHistory _y16th century _vJuvenile literature. _911189 |
|
| 650 | 1 |
_aExplorers. _911190 |
|
| 650 | 1 |
_aVoyages around the world. _911191 |
|
| 830 | 0 |
_aExploration and discovery (Philadelphia, Pa.) _911192 |
|
| 906 |
_a7 _bcbc _corignew _d1 _eecip _f20 _gy-gencatlg |
||
| 942 |
_2lcc _cHS |
||
| 999 |
_c8791 _d8791 |
||